| 000 | 00795nam a22002777a 4500 | ||
|---|---|---|---|
| 008 | 130901b xxu||||| |||| 00| 0 eng d | ||
| 020 | _a0-03-031571-9 | ||
| 024 | _cAvailable | ||
| 037 | _cAvailable | ||
| 040 |
_aMBSTU LIBRARY _dMBSTU LIBRARY |
||
| 082 |
_222 _a363.7 BEE |
||
| 100 | _aBerg, Linda R. | ||
| 110 | _aPeter H Raven. | ||
| 245 | _aEnvironment. | ||
| 250 | _a3rd | ||
| 260 |
_aNew York _bHarcourt College Publishers. _c2001 |
||
| 300 |
_a28 cm. _b612 page _f1 _g28 cm. |
||
| 600 | _2Environmental problems. | ||
| 650 | _2Environmental problems. | ||
| 700 | _aBerg, Linda R. | ||
| 710 | _aPeter H Raven. | ||
| 270 |
_aNew york _bNew York _dUSA |
||
| 365 |
_b1200.00 _d1200.00 |
||
| 942 |
_2ddc _cBK |
||
| 999 |
_c638 _d638 |
||